Das Volkswagen-Gesetz im Spiegel der Kapitalverkehrsfreiheit und der Goldenen Aktien
A Gesetz über die Überführung der Anteilsrechte an der Volkswagenswerk Gesellschaft mit beschránkter Haftung in p'Hvate Hand (A Volkswagen korlátolt felelősségű társaság privatizációjáról szóló törvény, a továbbiakban: VW-törvény) 1960. július 21-én lépett hatályba. A törvényhozók célja a részv...
Elmentve itt :
| Szerző: | |
|---|---|
| Dokumentumtípus: | Cikk |
| Megjelent: |
2009
|
| Sorozat: | Acta Universitatis Szegediensis : acta juridica et politica : publicationes doctorandorum juridicorum
9 No. 1-14 |
| Kulcsszavak: | Volkswagen-törvény |
| Tárgyszavak: | |
| Online Access: | http://acta.bibl.u-szeged.hu/30710 |
| LEADER | 02304nab a2200229 i 4500 | ||
|---|---|---|---|
| 001 | acta30710 | ||
| 005 | 20250319111028.0 | ||
| 008 | 161017s2009 hu o 000 hun d | ||
| 022 | |a 0324-6523 | ||
| 040 | |a SZTE Egyetemi Kiadványok Repozitórium |b hun | ||
| 041 | |a hun | ||
| 041 | |a ger | ||
| 100 | 1 | |a Orosz Nóra Natália | |
| 245 | 1 | 4 | |a Das Volkswagen-Gesetz im Spiegel der Kapitalverkehrsfreiheit und der Goldenen Aktien |h [elektronikus dokumentum] / |c Orosz Nóra Natália |
| 260 | |c 2009 | ||
| 300 | |a 307-320 | ||
| 490 | 0 | |a Acta Universitatis Szegediensis : acta juridica et politica : publicationes doctorandorum juridicorum |v 9 No. 1-14 | |
| 520 | 3 | |a A Gesetz über die Überführung der Anteilsrechte an der Volkswagenswerk Gesellschaft mit beschránkter Haftung in p'Hvate Hand (A Volkswagen korlátolt felelősségű társaság privatizációjáról szóló törvény, a továbbiakban: VW-törvény) 1960. július 21-én lépett hatályba. A törvényhozók célja a részvénytulajdon nem kívánatos koncentrációjának és a hatalmi csoportok uralkodó befolyásának megakadályozása volt. A VW-törvény alábbiakban hivatkozott, az általános szabályoktól eltérő rendelkezései visszatartják a közvetlen befektetőket a társaságban való részesedéstől, és ezzel korlátozzák a tőke szabad mozgását az EK Sz. 56. cikke értelmében: 1. A részvényesek szavazati jogának korlátozása a Volkswagen alaptőkéjének 20 %- ára. 2. A közgyűlési határozatok meghozatalához szükséges többség" az alaptőke több mint 80 %-ában történő rögzítése, az AktG 75 %-os előírásával szemben. 3. A szövetségi államnak és Alsó-Szászország tartomány két-két tagjának delegálása a Volkswagen részvénytársaság felügyelő bizottságába. A VW-törvény egy nagyon bonyolult jogi struktúrát hozott létre egy meghatározott időpontban, egy sajátos helyzet védelmében. A törvény által elérni kívánt cél kezdettől fogva a status quo fenntartása volt a Német Szövetségi Állam és Alsó-Szászország tartomány nagyrészvényesei tekintetében. | |
| 650 | 4 | |a Társadalomtudományok | |
| 650 | 4 | |a Jogtudomány | |
| 695 | |a Volkswagen-törvény | ||
| 856 | 4 | 0 | |u http://acta.bibl.u-szeged.hu/30710/1/juridpol_doct_009_307-320.pdf |z Dokumentum-elérés |